[Event "Livingstone zt 4.3 (Women)"]
[Site "Livingstone"]
[Date "2017.06.15"]
[Round "7"]
[White "Mudongo, Boikhutso"]
[Black "Domingos, Maria M"]
[Result "1-0"]
[WhiteElo "1774"]
[BlackElo "1697"]
[PlyCount "45"]
[EventDate "2017.06.10"]
[EventType "swiss"]
[EventRounds "9"]
[EventCountry "ZAM"]
[SourceTitle "EXT 2020"]
[Source "ChessBase"]
[SourceDate "2019.10.17"]
[SourceVersion "1"]
[SourceVersionDate "2019.10.17"]
[SourceQuality "1"]

1. e4 e5 2. Nf3 Nf6 3. Nc3 Nc6 4. Bc4 Bc5 5. a3 a6 6. 0-0 h6 7. h3 0-0 8. d3 d6 9. Ne2 Be6 10. Bxe6 fxe6 11. Ng3 Qe8 12. Nh2 Qg6 13. Ng4 Rf7 14. Be3 Nd4 15. Nxf6+ Rxf6 16. c3 Nc6 17. Bxc5 dxc5 18. Qb3 b6 19. Qa4 b5 20. Qb3 h5 21. Qc2 Raf8 22. b4 h4 23. Nh1 1-0

[Event "Africa-ch U20 Girls"]
[Site "Hammamet"]
[Date "2016.12.03"]
[Round "9"]
[White "Domingos, Maria M"]
[Black "Mabrouk, Syrine"]
[Result "0-1"]
[WhiteElo "1704"]
[BlackElo "1440"]
[PlyCount "58"]
[EventDate "2016.11.26"]
[EventType "tourn"]
[EventRounds "9"]
[EventCountry "TUN"]
[SourceTitle "EXT 2018"]
[Source "ChessBase"]
[SourceDate "2017.10.13"]
[SourceVersion "1"]
[SourceVersionDate "2017.10.13"]
[SourceQuality "1"]

1. e4 c5 2. Nf3 a6 3. Be2 e6 4. c3 d5 5. exd5 Qxd5 6. d4 Nc6 7. c4 Qd7 8. d5 exd5 9. cxd5 Nb4 10. Nc3 Nf6 11. 0-0 Nbxd5 12. Re1 Be7 13. Nxd5 Qxd5 14. Qc2 Bf5 15. Qc3 Be6 16. Bg5 b5 17. Qa5 0-0 18. b3 h6 19. Rad1 Qb7 20. Be3 Nd5 21. Qd2 Rad8 22. Ne5 Qc7 23. Nf3 Bf6 24. Qc1 Nc3 25. Rxd8 Rxd8 26. Bf4 Qc8 27. Be5 Bxe5 28. Nxe5 Nxa2 29. Bf3 Nxc1 0-1

[Event "Africa-ch U20 Girls"]
[Site "Hammamet"]
[Date "2016.12.01"]
[Round "6"]
[White "Caxita, Esperanca"]
[Black "Domingos, Maria M"]
[Result "1/2-1/2"]
[WhiteElo "1831"]
[BlackElo "1704"]
[PlyCount "103"]
[EventDate "2016.11.26"]
[EventType "tourn"]
[EventRounds "9"]
[EventCountry "TUN"]
[SourceTitle "EXT 2018"]
[Source "ChessBase"]
[SourceDate "2017.10.13"]
[SourceVersion "1"]
[SourceVersionDate "2017.10.13"]
[SourceQuality "1"]

1. e4 e5 2. Nf3 Nf6 3. Nc3 Nc6 4. Bb5 d6 5. d4 exd4 6. Qxd4 Bd7 7. Bxc6 bxc6 8. 0-0 Be7 9. e5 dxe5 10. Nxe5 c5 11. Qd3 0-0 12. Rd1 Bd6 13. Nc4 Be7 14. Qg3 Qc8 15. Bg5 h6 16. Bxh6 Nh5 17. Qe5 Bf6 18. Qxh5 Bg4 19. Qxc5 Bxd1 20. Bxg7 Bxg7 21. Nd5 Qe6 22. Rxd1 Rad8 23. h3 Rfe8 24. Qe3 Qxe3 25. Ndxe3 Kf8 26. Rb1 Bd4 27. c3 Bxe3 28. Nxe3 Rd2 29. Kf1 Rb8 30. Nc4 Rc2 31. Re1 Re8 32. h4 Rxe1+ 33. Kxe1 Rc1+ 34. Ke2 Kg7 35. g4 Rh1 36. h5 f6 37. Ke3 f5 38. f3 fxg4 39. fxg4 Kf6 40. a4 Kg5 41. Ne5 Ra1 42. b3 Ra3 43. Nf3+ Kh6 44. Nd2 Ra1 45. Kf4 Rd1 46. Ne4 Rf1+ 47. Ke5 Rg1 48. Kf5 Rf1+ 49. Ke6 Rg1 50. Kf5 Rf1+ 51. Ke5 Rg1 52. Kf4 1/2-1/2

[Event "Africa-ch U20 Girls"]
[Site "Hammamet"]
[Date "2016.12.01"]
[Round "7"]
[White "Domingos, Maria M"]
[Black "Guenadez, Amina"]
[Result "1-0"]
[WhiteElo "1704"]
[BlackElo "1698"]
[PlyCount "63"]
[EventDate "2016.11.26"]
[EventType "tourn"]
[EventRounds "9"]
[EventCountry "TUN"]
[SourceTitle "EXT 2018"]
[Source "ChessBase"]
[SourceDate "2017.10.13"]
[SourceVersion "1"]
[SourceVersionDate "2017.10.13"]
[SourceQuality "1"]

1. e4 c5 2. Nf3 e6 3. c3 Nc6 4. Be2 d5 5. exd5 exd5 6. d4 cxd4 7. Nxd4 Nxd4 8. Qxd4 Nf6 9. 0-0 Be7 10. Nd2 0-0 11. Nf3 b6 12. Qd1 Qc7 13. Nd4 Bb7 14. Re1 a6 15. Be3 Bd6 16. g3 Rfe8 17. Bd3 h6 18. Qf3 Ne4 19. Re2 Bc8 20. Rae1 Nf6 21. Bf5 Bb7 22. Bd3 Bc8 23. Bf5 Bb7 24. Bh3 Ne4 25. a3 Ng5 26. Bxg5 Rxe2 27. Rxe2 hxg5 28. Qh5 Be7 29. Bf5 g6 30. Bxg6 fxg6 31. Qxg6+ Kf8 32. Ne6# 1-0

[Event "Olympiad Women-42"]
[Site "Baku"]
[Date "2016.09.09"]
[Round "7.2"]
[White "Domingos, Maria M"]
[Black "Diaz, Maria MA"]
[Result "1-0"]
[WhiteElo "1689"]
[BlackElo "1928"]
[PlyCount "107"]
[EventDate "2016.09.02"]
[EventType "team-swiss"]
[EventRounds "11"]
[EventCountry "AZE"]
[SourceTitle "CBM 174 Extra"]
[Source "ChessBase"]
[SourceDate "2016.10.10"]
[SourceVersion "1"]
[SourceVersionDate "2016.10.10"]
[SourceQuality "1"]
[WhiteTeam "Angola (W)"]
[BlackTeam "Aruba (W)"]
[WhiteTeamCountry "ANG"]
[BlackTeamCountry "ARN"]

1. e4 e6 2. d4 d5 3. exd5 exd5 4. Nf3 Bd6 5. Bd3 Ne7 6. 0-0 0-0 7. Be3 c6 8. Nc3 Bf5 9. Ne2 Nd7 10. c3 Bg4 11. Ng3 Qc7 12. Bxh7+ Kh8 13. Bd3 f5 14. Bg5 f4 15. Bxe7 Bxe7 16. h3 fxg3 17. hxg4 Qf4 18. Bf5 Rad8 19. fxg3 Qxg3 20. Qd2 Bd6 21. Qg5 Nf6 22. Qg6 Bf4 23. g5 Be3+ 24. Kh1 Kg8 25. gxf6 Qxg6 26. Bxg6 Rxf6 27. Rae1 Bf4 28. Bd3 Bg3 29. Re7 Rdf8 30. Rxb7 g5 31. Rh7 g4 32. Kg1 gxf3 33. gxf3 Rxf3 34. Rxf3 Rxf3 35. Bb1 Re3 36. Kg2 Bd6 37. Rh6 Bf4 38. Rxc6 Re1 39. Bf5 Bc1 40. Be6+ Kf8 41. b3 Re2+ 42. Kf3 Rxa2 43. Bxd5 Ra3 44. Ke4 Ke7 45. Bg8 Kd7 46. Rg6 Bd2 47. Rg3 Ra1 48. c4 Re1+ 49. Kd3 Bh6 50. Rh3 Bg7 51. d5 Rd1+ 52. Kc2 Rg1 53. Be6+ Kd6 54. b4 1-0

[Event "Olympiad Women-42"]
[Site "Baku"]
[Date "2016.09.05"]
[Round "4.48"]
[White "Alkaseir, Roaa"]
[Black "Domingos, Maria M"]
[Result "1-0"]
[WhiteElo "1674"]
[BlackElo "1689"]
[PlyCount "53"]
[EventDate "2016.09.02"]
[EventType "team-swiss"]
[EventRounds "11"]
[EventCountry "AZE"]
[SourceTitle "CBM 174 Extra"]
[Source "ChessBase"]
[SourceDate "2016.10.10"]
[SourceVersion "1"]
[SourceVersionDate "2016.10.10"]
[SourceQuality "1"]
[WhiteTeam "Syria (W)"]
[BlackTeam "Angola (W)"]
[WhiteTeamCountry "SYR"]
[BlackTeamCountry "ANG"]

1. e4 e5 2. Nf3 Nf6 3. Nc3 Nc6 4. d4 exd4 5. Nxd4 Nxd4 6. Qxd4 c5 7. Qd1 Qc7 8. g4 h6 9. Be2 d6 10. Bf4 Bd7 11. f3 a6 12. Qd2 Bc6 13. 0-0-0 0-0-0 14. Rhe1 Qd7 15. Nd5 Bxd5 16. exd5 g5 17. Bd3 Kb8 18. Bf5 Qa4 19. Bg3 Qxa2 20. Qc3 Bg7 21. Qxc5 Qxb2+ 22. Kxb2 Ne4+ 23. Qd4 Bxd4+ 24. Rxd4 Nc5 25. Re7 Rhf8 26. Rc4 b5 27. Rxc5 1-0

[Event "Africa-ch (Women)"]
[Site "Kampala"]
[Date "2016.07.24"]
[Round "9.9"]
[White "Domingos, Maria M"]
[Black "Ampaire, Shakira"]
[Result "1-0"]
[WhiteElo "1712"]
[BlackElo "1367"]
[PlyCount "109"]
[EventDate "2016.07.17"]
[EventType "swiss"]
[EventRounds "9"]
[EventCountry "UGA"]
[SourceTitle "EXT 2024"]
[Source "ChessBase"]
[SourceDate "2023.10.10"]
[SourceVersion "1"]
[SourceVersionDate "2023.10.10"]
[SourceQuality "1"]

1. e4 e5 2. Nf3 d6 3. Bc4 Be7 4. d4 exd4 5. Nxd4 Nf6 6. Nd2 0-0 7. 0-0 c5 8. Ne2 Bg4 9. f3 Be6 10. Bd3 Nc6 11. c3 Qb6 12. Kh1 Ne5 13. Bc2 Nc4 14. Nxc4 Bxc4 15. Re1 Rfd8 16. Ng3 Nd7 17. b3 Be6 18. Bb2 Bf6 19. Nh5 Bh4 20. Rf1 c4 21. Nf4 cxb3 22. axb3 Bf6 23. Nh5 Bh4 24. f4 Rac8 25. f5 Bc4 26. Rf4 Bf6 27. Rg4 g6 28. fxg6 hxg6 29. Qd2 Bxb3 30. Bxb3 Qxb3 31. Nxf6+ Nxf6 32. Rh4 Rc5 33. c4 Nh5 34. Qd4 Re5 35. Qd2 Rc5 36. Qf2 f5 37. Rxh5 gxh5 38. Qd4 Re5 39. Ra3 Qc2 40. Rg3+ Kf7 41. h3 h4 42. Rf3 Rg8 43. Rf2 Qxe4 44. Qxa7 Re6 45. Qb6 Kg6 46. Kh2 Kh5 47. Qc7 Kh6 48. Bc1+ f4 49. Bxf4+ Rg5 50. Bxg5+ Kxg5 51. Qd8+ Kh6 52. Qf8+ Kh5 53. Rf5+ Kg6 54. Qf7+ Kh6 55. Rh5# 1-0

[Event "Africa-ch (Women)"]
[Site "Kampala"]
[Date "2016.07.19"]
[Round "3.7"]
[White "Domingos, Maria M"]
[Black "Caxita, Esperanca"]
[Result "0-1"]
[WhiteElo "1712"]
[BlackElo "1822"]
[PlyCount "97"]
[EventDate "2016.07.17"]
[EventType "swiss"]
[EventRounds "9"]
[EventCountry "UGA"]
[SourceTitle "EXT 2024"]
[Source "ChessBase"]
[SourceDate "2023.10.10"]
[SourceVersion "1"]
[SourceVersionDate "2023.10.10"]
[SourceQuality "1"]

1. e4 e5 2. Nf3 d6 3. d4 exd4 4. Nxd4 Nf6 5. Bd3 Be7 6. c3 Nbd7 7. Be3 Nc5 8. f3 Nxd3+ 9. Qxd3 0-0 10. Nd2 Bd7 11. 0-0 a6 12. Rfe1 Re8 13. Qc2 Rc8 14. Ne2 c6 15. Bf2 Qc7 16. Ng3 h6 17. Rad1 Be6 18. f4 Ng4 19. f5 Bd7 20. Nf3 Nxf2 21. Qxf2 Qa5 22. Nh5 g6 23. b4 Qb5 24. Qg3 Kh7 25. fxg6+ fxg6 26. Nf4 Rg8 27. e5 d5 28. Nd4 Qb6 29. Kh1 Rcf8 30. e6 Be8 31. Rf1 Bd6 32. Qe3 Qc7 33. Nfe2 Qe7 34. a3 Qh4 35. Ng3 Bf4 36. Qe1 Rf6 37. Nf3 Qg4 38. Rd4 g5 39. e7 Re6 40. Qd1 Rxe7 41. Ne2 Bh5 42. h3 Qe6 43. Nxf4 gxf4 44. Rxf4 Qe3 45. Qe1 Bxf3 46. Rf7+ Rxf7 47. Qxe3 Bxg2+ 48. Kh2 Rxf1 49. Qe7+ 0-1

[Event "Africa-ch U20 Girls"]
[Site "Victoria"]
[Date "2015.12.30"]
[Round "4"]
[White "Domingos, Maria M"]
[Black "Wafa, Shahenda"]
[Result "0-1"]
[WhiteElo "1737"]
[BlackElo "2096"]
[PlyCount "80"]
[EventDate "2015.12.28"]
[EventType "swiss"]
[EventRounds "9"]
[EventCountry "SEY"]
[SourceTitle "CBM 170 Extra"]
[Source "ChessBase"]
[SourceDate "2016.02.25"]
[SourceVersion "1"]
[SourceVersionDate "2016.02.25"]
[SourceQuality "1"]

1. e4 c5 2. Nf3 Nc6 3. d4 cxd4 4. Nxd4 Nf6 5. Nc3 e5 6. Nxc6 bxc6 7. a3 Be7 8. Bc4 0-0 9. Be3 d6 10. f3 Be6 11. Bd3 d5 12. Bf2 d4 13. Ne2 c5 14. c3 c4 15. Bb1 d3 16. Ng3 a5 17. 0-0 a4 18. Re1 Nd7 19. Ba2 Nc5 20. Nf5 Bxf5 21. exf5 Qd5 22. Kh1 Nd7 23. Re4 Rfc8 24. h3 Nf6 25. Rh4 Ne8 26. Re4 Nd6 27. Re1 Nxf5 28. Qd2 h6 29. Be3 Bh4 30. Red1 e4 31. fxe4 Qxe4 32. Bf2 Bg5 33. Re1 Qb7 34. Qd1 Qxb2 35. Qf3 Nd6 36. Bg3 Ra6 37. Rf1 Bf6 38. Qd5 Qb5 39. Qf3 Qc6 40. Qg4 Ne4 0-1

[Event "Wch U18 Girls"]
[Site "Durban"]
[Date "2014.09.26"]
[Round "8"]
[White "Machlik, Edit"]
[Black "Domingos, Maria M"]
[Result "1-0"]
[WhiteElo "1929"]
[BlackElo "1737"]
[PlyCount "42"]
[EventDate "2014.09.20"]
[EventType "swiss"]
[EventRounds "11"]
[EventCountry "RSA"]
[SourceTitle "CBM 162 Extra"]
[Source "ChessBase"]
[SourceDate "2014.10.17"]
[SourceVersion "1"]
[SourceVersionDate "2014.10.17"]
[SourceQuality "1"]

1. d4 d5 2. c4 e6 3. Nc3 Bb4 4. e3 Nf6 5. Bd3 0-0 6. Nf3 c5 7. a3 Bxc3+ 8. bxc3 cxd4 9. cxd4 dxc4 10. Bxc4 b6 11. 0-0 Bb7 12. a4 Qc7 13. Bd3 Rc8 14. Bb2 Qd8 15. Qe2 Nc6 16. Ba3 Ne7 17. Rfc1 Ned5 18. Qd2 Bc6 19. Rc4 Qd7 20. Ne5 Qe8 21. e4 Bxa4 1-0

[Event "Wch U18 Girls"]
[Site "Durban"]
[Date "2014.09.23"]
[Round "5"]
[White "Domingos, Maria M"]
[Black "Dziodzio, Angelika"]
[Result "0-1"]
[WhiteElo "1737"]
[BlackElo "1991"]
[PlyCount "36"]
[EventDate "2014.09.20"]
[EventType "swiss"]
[EventRounds "11"]
[EventCountry "RSA"]
[SourceTitle "CBM 162 Extra"]
[Source "ChessBase"]
[SourceDate "2014.10.17"]
[SourceVersion "1"]
[SourceVersionDate "2014.10.17"]
[SourceQuality "1"]

1. e4 c5 2. Nf3 d6 3. d4 cxd4 4. Nxd4 Nf6 5. Bd3 Nc6 6. Nf3 h6 7. b3 e6 8. Be3 Be7 9. 0-0 0-0 10. Re1 a6 11. h3 b5 12. Nh2 Qc7 13. Bf4 Bb7 14. Re3 e5 15. Bg3 Nd4 16. Nc3 Ne6 17. Rc1 Nh5 18. Nf3 Qb6 0-1

[Event "Wch U18 Girls"]
[Site "Durban"]
[Date "2014.09.23"]
[Round "6"]
[White "February, Jesse Nikki"]
[Black "Domingos, Maria M"]
[Result "0-1"]
[WhiteElo "1688"]
[BlackElo "1737"]
[PlyCount "60"]
[EventDate "2014.09.20"]
[EventType "swiss"]
[EventRounds "11"]
[EventCountry "RSA"]
[SourceTitle "CBM 162 Extra"]
[Source "ChessBase"]
[SourceDate "2014.10.17"]
[SourceVersion "1"]
[SourceVersionDate "2014.10.17"]
[SourceQuality "1"]

1. e4 e5 2. Nf3 Nc6 3. d4 exd4 4. Bc4 h6 5. 0-0 d6 6. Nxd4 Nxd4 7. Qxd4 Be6 8. Bxe6 fxe6 9. Nc3 Qd7 10. Re1 e5 11. Qc4 Nf6 12. Be3 a6 13. Rad1 Qf7 14. Qa4+ c6 15. f4 Be7 16. fxe5 dxe5 17. Nd5 0-0 18. Nxf6+ Bxf6 19. Rf1 Qe6 20. Qb4 Rf7 21. Rd6 Qxa2 22. Bxh6 Be7 23. Qxb7 Rxf1+ 24. Kxf1 Rf8+ 25. Ke2 Qc4+ 26. Rd3 Qxc2+ 27. Rd2 Qxe4+ 28. Be3 Qxg2+ 29. Kd1 Qf1+ 30. Kc2 Qc4+ 0-1

[Event "Olympiad Women-41"]
[Site "Tromsoe"]
[Date "2014.08.14"]
[Round "11.2"]
[White "Domingos, Maria M"]
[Black "Arbona Avila, Zaily M"]
[Result "1-0"]
[WhiteElo "1576"]
[BlackElo "1526"]
[PlyCount "53"]
[EventDate "2014.08.02"]
[EventType "team-swiss"]
[EventRounds "11"]
[EventCountry "NOR"]
[SourceTitle "CBM 162"]
[Source "ChessBase"]
[SourceDate "2014.09.17"]
[SourceVersion "1"]
[SourceVersionDate "2014.09.17"]
[SourceQuality "1"]
[WhiteTeam "Angola (W)"]
[BlackTeam "Aruba (W)"]
[WhiteTeamCountry "ANG"]
[BlackTeamCountry "ARN"]

1. e4 d6 2. d4 Nf6 3. Bd3 g6 4. Nf3 Bg7 5. Be3 0-0 6. 0-0 Nbd7 7. c3 e5 8. Re1 h6 9. Qc1 Kh7 10. Nbd2 Nh5 11. Nf1 f5 12. exf5 gxf5 13. dxe5 dxe5 14. Bc2 e4 15. Nd4 Ne5 16. Ng3 Qh4 17. Nxh5 Qxh5 18. Bf4 c6 19. Re3 Nf7 20. Rg3 Qh4 21. f3 Bxd4+ 22. cxd4 exf3 23. Rxf3 Be6 24. Qd2 Rg8 25. Re1 Qf6 26. Bg3 Rad8 27. Rxe6 1-0

[Event "Olympiad Women-41"]
[Site "Tromsoe"]
[Date "2014.08.03"]
[Round "2.2"]
[White "Domingos, Maria M"]
[Black "Murray, Donna"]
[Result "1-0"]
[WhiteElo "1576"]
[BlackElo "1454"]
[PlyCount "63"]
[EventDate "2014.08.02"]
[EventType "team-swiss"]
[EventRounds "11"]
[EventCountry "NOR"]
[SourceTitle "CBM 162"]
[Source "ChessBase"]
[SourceDate "2014.09.17"]
[SourceVersion "1"]
[SourceVersionDate "2014.09.17"]
[SourceQuality "1"]
[WhiteTeam "Angola (W)"]
[BlackTeam "Barbados (W)"]
[WhiteTeamCountry "ANG"]
[BlackTeamCountry "BAR"]

1. e4 e6 2. d4 d5 3. exd5 exd5 4. Bd3 Bd6 5. Nf3 Nc6 6. h3 Be6 7. c3 Nge7 8. Be3 Qd7 9. Nbd2 0-0-0 10. Nb3 Nf5 11. Bd2 h5 12. Qc2 Rde8 13. 0-0-0 f6 14. Rde1 g5 15. Rxe6 Kb8 16. Rxe8+ Rxe8 17. Bxf5 Qg7 18. Re1 Rg8 19. Be6 Rf8 20. Bxd5 Ne7 21. Be6 f5 22. Bxg5 Ng6 23. Bxf5 Nf4 24. Qe4 a6 25. Bxf4 Bxf4+ 26. Qxf4 Qxg2 27. Ne5 Rg8 28. Qe4 Qg5+ 29. Kb1 Ka8 30. Nc5 c6 31. Nxc6 Qd2 32. Qe8+ 1-0

[Event "Africa-ch U20 Girls"]
[Site "Tiaret"]
[Date "2014.01.31"]
[Round "9"]
[White "Domingos, Maria M"]
[Black "Oussedik, Nassila"]
[Result "1-0"]
[WhiteElo "1477"]
[BlackElo "1611"]
[PlyCount "141"]
[EventDate "2014.01.25"]
[EventType "swiss"]
[EventRounds "9"]
[EventCountry "ALG"]
[SourceTitle "CBM 158 Extra"]
[Source "ChessBase"]
[SourceDate "2014.02.28"]
[SourceVersion "1"]
[SourceVersionDate "2014.02.28"]
[SourceQuality "1"]

1. e4 c5 2. c3 Nf6 3. Nf3 Nxe4 4. Be2 d5 5. d3 Nf6 6. d4 cxd4 7. Qxd4 Nc6 8. Bb5 a6 9. Bxc6+ bxc6 10. Be3 e6 11. 0-0 Bd6 12. Nbd2 0-0 13. c4 c5 14. Qh4 Nd7 15. cxd5 Qxh4 16. Nxh4 exd5 17. Nf5 Be5 18. Ne7+ Kh8 19. Nxd5 Bxb2 20. Rab1 Bd4 21. Bf4 Ne5 22. Nb3 Bf5 23. Rbc1 Nd3 24. Rcd1 Nxf4 25. Nxf4 Bc2 26. Rd2 Bxb3 27. axb3 Rab8 28. Rd3 Rfd8 29. Kh1 Be5 30. Nd5 h6 31. Rfd1 Bd4 32. Ne7 Rd7 33. Nc6 Rc8 34. Ne5 Re7 35. Ng4 Rce8 36. Rf1 f5 37. Ne3 f4 38. Nf5 Re1 39. Kg1 Bf6 40. h3 R8e2 41. Nd6 Bd4 42. Rf3 g5 43. Nf5 Kh7 44. Nxd4 cxd4 45. Rd3 Rxf1+ 46. Kxf1 Rb2 47. Rxd4 Rxb3 48. Rd7+ Kg8 49. Rd6 a5 50. Rxh6 Kf7 51. h4 Kg7 52. hxg5 a4 53. Ra6 Ra3 54. f3 Ra1+ 55. Kf2 a3 56. Ke2 Ra2+ 57. Kd3 Rxg2 58. Rxa3 Rxg5 59. Ke4 Rc5 60. Kxf4 Rc8 61. Ra6 Rc4+ 62. Kg5 Rc5+ 63. Kg4 Rc8 64. f4 Rf8 65. Kg5 Kh8 66. Rh6+ Kg7 67. Rb6 Kh8 68. f5 Kg7 69. f6+ Kf7 70. Kf5 Kg8 71. Kg6 1-0

[Event "Olympiad Women-40"]
[Site "Istanbul"]
[Date "2012.09.05"]
[Round "8.3"]
[White "Domingos, Maria M"]
[Black "Ramsay, Sheena"]
[Result "0-1"]
[WhiteElo "1466"]
[BlackElo "1631"]
[PlyCount "84"]
[EventDate "2012.08.28"]
[EventType "team-swiss"]
[EventRounds "11"]
[EventCountry "TUR"]
[SourceTitle "CBM 150 Extra"]
[Source "ChessBase"]
[SourceDate "2012.10.19"]
[SourceVersion "1"]
[SourceVersionDate "2012.10.19"]
[SourceQuality "1"]
[WhiteTeam "Angola (W)"]
[BlackTeam "Barbados (W)"]
[WhiteTeamCountry "ANG"]
[BlackTeamCountry "BAR"]

1. e4 e6 2. d4 d5 3. exd5 exd5 4. Nf3 Bd6 5. Nc3 Ne7 6. Bd3 Nbc6 7. 0-0 Be6 8. Be3 Qd7 9. Bb5 0-0-0 10. Qd2 f6 11. Bf4 g5 12. Bxd6 Qxd6 13. Qe3 Nf5 14. Qd2 g4 15. Bxc6 Qxc6 16. Ne1 Qb6 17. Na4 Qxd4 18. Qxd4 Nxd4 19. c3 Ne2+ 20. Kh1 h5 21. g3 d4 22. Ng2 Bd5 23. cxd4 h4 24. Rfe1 Bf3 25. Rxe2 Bxe2 26. Nxh4 Rxd4 27. Nc3 Rd2 28. b3 Bf3+ 29. Nxf3 gxf3 30. Kg1 Rhd8 31. h4 f5 32. Rc1 a6 33. Kf1 b5 34. Ke1 b4 35. Nd1 Rxa2 36. Ne3 Re8 37. Kf1 Rb2 38. Nxf5 Ree2 39. h5 Rxf2+ 40. Kg1 Rg2+ 41. Kf1 Rh2 42. Kg1 Rbg2+ 0-1